[Event "FRA-chT Top 12"]
[Site "Brest"]
[Date "2018.05.27"]
[Round "2"]
[White "Sokolov, Andrei"]
[Black "Gadarinian, Caroline"]
[Result "1-0"]
[WhiteElo "2532"]
[BlackElo "2007"]
[PlyCount "35"]
[EventDate "2018.05.26"]
[EventType "team-tourn"]
[EventRounds "11"]
[EventCountry "FRA"]
[SourceTitle "EXT 2019"]
[Source "ChessBase"]
[SourceDate "2018.10.10"]
[SourceVersion "1"]
[SourceVersionDate "2018.10.10"]
[SourceQuality "1"]
[WhiteTeam "Mulhouse Philidor"]
[BlackTeam "Cemc Monaco"]
[WhiteTeamCountry "FRA"]
[BlackTeamCountry "MNC"]

1. e4 d6 2. d4 Nf6 3. Nc3 c6 4. a4 Qa5 5. Bd3 e5 6. Nge2 Nbd7 7. 0-0 g6 8. Bd2 Qc7 9. Qc1 Bg7 10. Bh6 0-0 11. Bxg7 Kxg7 12. a5 Re8 13. Re1 d5 14. exd5 Nxd5 15. Nxd5 cxd5 16. Nc3 Nf6 17. Qg5 exd4 18. Qxf6+ 1-0

[Event "Calvi Balagne op 05th"]
[Site "Calvi"]
[Date "2008.04.11"]
[Round "8"]
[White "Vanschamelhout, Julien"]
[Black "Gadarinian, Caroline"]
[Result "1-0"]
[WhiteElo "1740"]
[BlackElo "1909"]
[PlyCount "101"]
[EventDate "2008.04.06"]
[EventType "swiss"]
[EventRounds "9"]
[EventCountry "FRA"]
[SourceTitle "CBM 123 Extra"]
[Source "ChessBase"]
[SourceDate "2008.05.06"]
[SourceVersion "1"]
[SourceVersionDate "2008.05.06"]
[SourceQuality "1"]

1. e4 d6 2. d4 Nf6 3. Nc3 c6 4. Be3 Nbd7 5. Nf3 e5 6. Bd3 Be7 7. a4 a5 8. 0-0 0-0 9. Re1 Ng4 10. Bd2 Qb6 11. h3 exd4 12. Ne2 Nge5 13. Nexd4 Nxf3+ 14. Nxf3 Qxb2 15. Rb1 Qa3 16. e5 Nxe5 17. Nxe5 dxe5 18. Qh5 f5 19. Rxe5 Bf6 20. Bc4+ Kh8 21. Bf7 Qxa4 22. g3 Bxe5 23. Bg6 h6 24. Bxh6 Rf6 25. Bg5+ Kg8 26. Qh7+ Kf8 27. Qh8+ Ke7 28. Rd1 Bd4 29. Qxg7+ Ke6 30. Re1+ Kd5 31. Bxf6 Bxf6 32. Qxf6 Qxc2 33. Qe5+ Kc4 34. Bf7+ Kb4 35. Qd4+ Kb5 36. Re5+ Ka6 37. Bc4+ b5 38. Bd3 Qc1+ 39. Kh2 Bb7 40. Rc5 Qa3 41. Rxf5 Rc8 42. Rc5 Qb4 43. Qd6 Ka7 44. Qe5 a4 45. Qe3 Ka8 46. Bf5 Rd8 47. h4 a3 48. Rc3 Rd1 49. Rxa3+ Kb8 50. Qe5+ Rd6 51. Rd3 1-0

[Event "Calvi Balagne op 05th"]
[Site "Calvi"]
[Date "2008.04.10"]
[Round "7"]
[White "Gadarinian, Caroline"]
[Black "Fourcand, Pierre"]
[Result "0-1"]
[WhiteElo "1909"]
[BlackElo "1897"]
[PlyCount "50"]
[EventDate "2008.04.06"]
[EventType "swiss"]
[EventRounds "9"]
[EventCountry "FRA"]
[SourceTitle "CBM 123 Extra"]
[Source "ChessBase"]
[SourceDate "2008.05.06"]
[SourceVersion "1"]
[SourceVersionDate "2008.05.06"]
[SourceQuality "1"]

1. Nf3 d5 2. d4 Nf6 3. Bg5 Ne4 4. Bf4 Bf5 5. Nbd2 Nxd2 6. Qxd2 e6 7. e3 Bd6 8. Bxd6 Qxd6 9. c4 0-0 10. Be2 dxc4 11. Bxc4 Be4 12. a3 Bxf3 13. gxf3 c5 14. dxc5 Qxc5 15. Rc1 Qb6 16. Rg1 Nc6 17. Qc3 g6 18. h4 Qa5 19. b4 Qh5 20. Qf6 Ne5 21. Ke2 Rac8 22. Bb3 Nxf3 23. Qxf3 Qb5+ 24. Bc4 Rxc4 25. Rg5 Rc5+ 0-1

[Event "Calvi Balagne op 05th"]
[Site "Calvi"]
[Date "2008.04.09"]
[Round "6"]
[White "Sanchez, Joseph"]
[Black "Gadarinian, Caroline"]
[Result "1-0"]
[WhiteElo "2507"]
[BlackElo "1909"]
[PlyCount "37"]
[EventDate "2008.04.06"]
[EventType "swiss"]
[EventRounds "9"]
[EventCountry "FRA"]
[SourceTitle "CBM 123 Extra"]
[Source "ChessBase"]
[SourceDate "2008.05.06"]
[SourceVersion "1"]
[SourceVersionDate "2008.05.06"]
[SourceQuality "1"]

1. e4 d6 2. d4 Nf6 3. Nc3 c6 4. Be3 Nbd7 5. Bd3 e5 6. Nf3 Be7 7. a4 a5 8. 0-0 0-0 9. Re1 Ng4 10. Bd2 Qb6 11. h3 Ngf6 12. Be3 Qxb2 13. Qd2 Qb6 14. dxe5 Qc7 15. exf6 Bxf6 16. Rab1 Re8 17. Bc4 Nc5 18. e5 Bxe5 19. Nxe5 1-0

[Event "Calvi Balagne op 05th"]
[Site "Calvi"]
[Date "2008.04.08"]
[Round "3"]
[White "Gadarinian, Caroline"]
[Black "Piscopo, Pierluigi"]
[Result "0-1"]
[WhiteElo "1909"]
[BlackElo "2379"]
[PlyCount "36"]
[EventDate "2008.04.06"]
[EventType "swiss"]
[EventRounds "9"]
[EventCountry "FRA"]
[SourceTitle "CBM 123 Extra"]
[Source "ChessBase"]
[SourceDate "2008.05.06"]
[SourceVersion "1"]
[SourceVersionDate "2008.05.06"]
[SourceQuality "1"]

1. Nf3 Nf6 2. d4 c5 3. c3 e6 4. Bg5 Qb6 5. Qb3 Qxb3 6. axb3 Nc6 7. e3 cxd4 8. exd4 Bd6 9. Nbd2 Bc7 10. Bd3 Nd5 11. 0-0 h6 12. Be3 Rb8 13. Nc4 d6 14. Na3 a6 15. Nc2 0-0 16. Bd2 e5 17. c4 Nf6 18. Rfe1 e4 0-1

[Event "FRA-ch op-B"]
[Site "Aix les Bains"]
[Date "2007.08.21"]
[Round "8"]
[White "Robert Dehault, Etienne"]
[Black "Gadarinian, Caroline"]
[Result "1-0"]
[WhiteElo "1950"]
[BlackElo "1878"]
[PlyCount "125"]
[EventDate "2007.08.13"]
[EventType "swiss"]
[EventRounds "11"]
[EventCountry "FRA"]
[SourceTitle "CBM 120 Extra"]
[Source "ChessBase"]
[SourceDate "2007.11.01"]
[SourceVersion "1"]
[SourceVersionDate "2007.11.01"]
[SourceQuality "1"]

1. d4 b5 2. e4 Bb7 3. Bd3 Nf6 4. f3 a6 5. a4 bxa4 6. c4 e6 7. e5 Ng8 8. Be3 Qh4+ 9. Kf1 c5 10. Bf2 Qd8 11. dxc5 Qc7 12. Qe2 Bxc5 13. Nc3 d6 14. Ne4 Bb4 15. c5 dxc5 16. Nd6+ Kf8 17. Rc1 Nd7 18. Nxb7 Qxb7 19. Be4 Qb8 20. Bxa8 Qxa8 21. Qd3 Qc6 22. Qd6+ Qxd6 23. exd6 Ngf6 24. Ne2 Nd5 25. Ng3 Nf4 26. Rc4 Nd3 27. Rc2 f5 28. Ne2 Kf7 29. g3 Rc8 30. Kg2 Rc6 31. Rd1 Rxd6 32. Kf1 Ke7 33. Nc1 Nxc1 34. Rxd6 Kxd6 35. Rxc1 Kc6 36. f4 Ba5 37. Bd4 g6 38. Bc3 Bc7 39. Ra1 Kb5 40. Re1 Ba5 41. Bxa5 Kxa5 42. Rxe6 Kb4 43. Rd6 Kb3 44. Rxa6 c4 45. Ke1 Nc5 46. Rb6+ Kc2 47. Ke2 Nd3 48. Ke3 Nxb2 49. Kd4 a3 50. Ra6 Kb3 51. Rb6+ Ka4 52. Kc3 Ka5 53. Rb8 Ka4 54. Ra8+ Kb5 55. Rxa3 Nd3 56. Ra7 h6 57. Rg7 Nf2 58. Rxg6 Ne4+ 59. Kc2 Kb4 60. Rxh6 Nc3 61. Rb6+ Nb5 62. Rxb5+ Kxb5 63. h4 1-0

[Event "FRA-ch op-B"]
[Site "Aix les Bains"]
[Date "2007.08.15"]
[Round "2"]
[White "Darcet, Bruno"]
[Black "Gadarinian, Caroline"]
[Result "0-1"]
[WhiteElo "1961"]
[BlackElo "1878"]
[PlyCount "68"]
[EventDate "2007.08.13"]
[EventType "swiss"]
[EventRounds "11"]
[EventCountry "FRA"]
[SourceTitle "CBM 120 Extra"]
[Source "ChessBase"]
[SourceDate "2007.11.01"]
[SourceVersion "1"]
[SourceVersionDate "2007.11.01"]
[SourceQuality "1"]

1. d4 d5 2. e4 dxe4 3. Nc3 Nf6 4. f3 e3 5. Bxe3 g6 6. Qd2 Bg7 7. 0-0-0 Nd5 8. Nxd5 Qxd5 9. Kb1 0-0 10. Ne2 Be6 11. Nc3 Qa5 12. Bb5 Bxa2+ 13. Nxa2 Qxb5 14. Bh6 Rd8 15. Bxg7 Kxg7 16. h4 h6 17. g4 e6 18. h5 g5 19. f4 Nc6 20. Nc3 Qa5 21. d5 exd5 22. fxg5 d4 23. gxh6+ Kh7 24. Qf4 f5 25. Qg5 Rg8 26. Qf6 Raf8 27. Qe6 dxc3 28. Rd7+ Kh8 29. h7 Rxg4 30. Rf7 Rxf7 31. Qxf7 cxb2 32. Qf6+ Kxh7 33. Qf7+ Rg7 34. Qa2 Qxa2+ 0-1

[Event "FRA-ch U18 Girls"]
[Site "Aix les Bains"]
[Date "2006.04.??"]
[Round "4"]
[White "Delisle, Charlotte"]
[Black "Gadarinian, Caroline"]
[Result "0-1"]
[WhiteElo "1816"]
[BlackElo "1897"]
[PlyCount "100"]
[EventDate "2006.04.??"]
[EventType "swiss"]
[EventRounds "8"]
[EventCountry "FRA"]
[SourceTitle "EXT 2007"]
[Source "ChessBase"]
[SourceDate "2006.11.23"]
[SourceVersion "1"]
[SourceVersionDate "2006.11.23"]
[SourceQuality "1"]

1. d4 d5 2. Nf3 Nf6 3. c4 c6 4. e3 Bf5 5. Nc3 dxc4 6. Bxc4 e6 7. 0-0 Nbd7 8. Re1 Be7 9. e4 Bg6 10. e5 Nd5 11. a3 0-0 12. Ne4 c5 13. Bd3 cxd4 14. Neg5 Qb6 15. Bxg6 hxg6 16. Qe2 Rfc8 17. Qe4 Nf8 18. h4 d3 19. Qxd3 Bc5 20. Ne4 Rd8 21. Qe2 Rac8 22. b4 Be7 23. Bg5 Bxg5 24. Nfxg5 Rc7 25. h5 Nf4 26. Qf3 Nd3 27. Red1 Nxe5 28. Qf4 Rxd1+ 29. Rxd1 Nc6 30. h6 f5 31. hxg7 Kxg7 32. Nc5 Re7 33. Qe3 e5 34. Rd6 Qb5 35. Nge6+ Nxe6 36. Nxe6+ Kf7 37. Qh6 Rxe6 38. Qh7+ Kf6 39. Qh8+ Ke7 40. Rxe6+ Kxe6 41. Qg8+ Kd7 42. Qxg6 Qd3 43. Qg7+ Kd6 44. Qf6+ Kc7 45. Qf7+ Kb6 46. Qa2 Nd4 47. a4 Qb3 48. a5+ Kb5 49. Qd2 Qxb4 50. Qd3+ Kxa5 0-1

[Event "FRA-ch U18 Girls"]
[Site "Aix les Bains"]
[Date "2006.04.??"]
[Round "3"]
[White "Gadarinian, Caroline"]
[Black "Benmesbah, Natacha"]
[Result "0-1"]
[WhiteElo "1897"]
[BlackElo "2137"]
[PlyCount "88"]
[EventDate "2006.04.??"]
[EventType "swiss"]
[EventRounds "8"]
[EventCountry "FRA"]
[SourceTitle "EXT 2007"]
[Source "ChessBase"]
[SourceDate "2006.11.23"]
[SourceVersion "1"]
[SourceVersionDate "2006.11.23"]
[SourceQuality "1"]

1. Nf3 c5 2. c3 Nf6 3. d4 b6 4. Bg5 Bb7 5. Nbd2 e6 6. e3 Be7 7. Bd3 h6 8. Bxf6 Bxf6 9. 0-0 0-0 10. Qe2 Nc6 11. Ba6 Bxa6 12. Qxa6 Qc7 13. Qe2 d5 14. a3 e5 15. dxc5 e4 16. Nd4 bxc5 17. Nxc6 Qxc6 18. Rfc1 Rfe8 19. b4 c4 20. a4 Be5 21. b5 Qd6 22. Nf1 Qc5 23. Ng3 g6 24. Qd2 a6 25. bxa6 Rxa6 26. Rd1 Ra5 27. Qc2 Rea8 28. Ra2 Qc6 29. Rda1 Rb8 30. Ne2 Qc7 31. h3 Qc6 32. Nd4 Bxd4 33. exd4 Rba8 34. Ra3 Qe8 35. Kf1 R8a7 36. Ke2 Kg7 37. R3a2 Qe7 38. Qd2 Qd7 39. Qc2 f5 40. g3 f4 41. gxf4 Qxh3 42. Qd2 Qf3+ 43. Ke1 Rf7 44. Rb1 Qh1+ 0-1

[Event "FRA-ch U18 Girls"]
[Site "Aix les Bains"]
[Date "2006.04.??"]
[Round "8"]
[White "Gadarinian, Caroline"]
[Black "Bodlenner, Camille"]
[Result "0-1"]
[WhiteElo "1897"]
[BlackElo "1873"]
[PlyCount "64"]
[EventDate "2006.04.??"]
[EventType "swiss"]
[EventRounds "8"]
[EventCountry "FRA"]
[SourceTitle "EXT 2007"]
[Source "ChessBase"]
[SourceDate "2006.11.23"]
[SourceVersion "1"]
[SourceVersionDate "2006.11.23"]
[SourceQuality "1"]

1. d4 Nf6 2. Nc3 d5 3. Bg5 Nbd7 4. f3 e6 5. e4 dxe4 6. fxe4 h6 7. Bh4 Be7 8. e5 Nd5 9. Bxe7 Qxe7 10. Nxd5 exd5 11. Qh5 Qb4+ 12. c3 Qxb2 13. Rd1 Qxc3+ 14. Rd2 Qc1+ 15. Rd1 Qe3+ 16. Be2 Nf8 17. Rd3 Qe4 18. Nh3 g6 19. Qf3 Qxf3 20. Rxf3 Bxh3 21. Rxh3 Ne6 22. Rd3 Ke7 23. Rf1 Rhf8 24. h4 f5 25. exf6+ Rxf6 26. Bf3 Kd6 27. Kd2 Rf4 28. Kc3 Rxh4 29. g3 Rh2 30. Bg4 Re8 31. Re3 Rxa2 32. Ree1 Ra3+ 0-1

[Event "Fenain op 8th"]
[Site "Fenain "]
[Date "2006.02.14"]
[Round "7"]
[White "Dehesdin, Wilfried"]
[Black "Gadarinian, Caroline"]
[Result "0-1"]
[WhiteElo "2121"]
[BlackElo "1903"]
[PlyCount "83"]
[EventDate "2006.02.11"]
[EventType "swiss"]
[EventRounds "7"]
[EventCountry "FRA"]
[SourceTitle "EXT 2008"]
[Source "ChessBase"]
[SourceDate "2007.11.25"]
[SourceVersion "1"]
[SourceVersionDate "2007.11.25"]
[SourceQuality "1"]

1. d4 d5 2. c4 c6 3. Nf3 Nf6 4. Qc2 dxc4 5. e4 b5 6. Be2 e6 7. 0-0 Be7 8. Be3 0-0 9. Nc3 Bb7 10. Rad1 Qc7 11. Ng5 h6 12. Nh3 Rd8 13. g4 Nh7 14. e5 Nd7 15. f4 b4 16. Na4 c5 17. dxc5 Nxc5 18. Rxd8+ Rxd8 19. Nxc5 Bxc5 20. Qc1 Be4 21. Nf2 Bd5 22. Rd1 Bxe3 23. Qxe3 Qa5 24. Qd4 Rc8 25. Ne4 Qxa2 26. Nd6 Rc6 27. f5 c3 28. fxe6 Bxe6 29. Bd3 cxb2 30. Qe4 f5 31. Qxc6 Qa1 32. Rb1 Ba2 33. Bc4+ Kh8 34. Nf7+ Kg8 35. Qe8+ Nf8 36. Nxh6+ Kh7 37. Bxa2 Qxa2 38. Rxb2 Qa1+ 39. Kg2 Qxb2+ 40. Kh3 Qc3+ 41. Kh4 Ng6+ 42. Kg5 0-1

[Event "Fenain op 8th"]
[Site "Fenain "]
[Date "2006.02.11"]
[Round "1"]
[White "Gadarinian, Caroline"]
[Black "Soyez, Cyril"]
[Result "0-1"]
[WhiteElo "1903"]
[BlackElo "2185"]
[PlyCount "88"]
[EventDate "2006.02.11"]
[EventType "swiss"]
[EventRounds "7"]
[EventCountry "FRA"]
[SourceTitle "EXT 2008"]
[Source "ChessBase"]
[SourceDate "2007.11.25"]
[SourceVersion "1"]
[SourceVersionDate "2007.11.25"]
[SourceQuality "1"]

1. Nf3 c5 2. c3 Nf6 3. d4 b6 4. Bg5 g6 5. Nbd2 Bb7 6. e3 Bg7 7. Bd3 d5 8. Ne5 0-0 9. 0-0 Ne4 10. Bf4 f6 11. Nef3 Nd7 12. Nxe4 dxe4 13. Bc4+ Kh8 14. Nd2 f5 15. Be6 Rf6 16. Bb3 h6 17. Nc4 b5 18. Ne5 c4 19. Bc2 g5 20. Bg3 Nb6 21. Qh5 Qe8 22. Bd1 Kh7 23. Qxe8 Rxe8 24. a4 b4 25. cxb4 f4 26. exf4 gxf4 27. Bh4 Rd6 28. Bh5 Rxd4 29. Bxe8 Bxe5 30. Bxe7 Rd2 31. Rab1 e3 32. Bc5 e2 33. Rfe1 Be4 34. Bh5 Bxb1 35. Rxb1 Rxb2 36. Rc1 Nxa4 37. Bxa7 Rc2 38. Rb1 Nc3 39. Re1 Nb5 40. Bg4 Bc3 41. Bf5+ Kg7 42. Bxc2 Bxe1 43. Bc5 Bxb4 44. Bxb4 c3 0-1

[Event "Marseille Hiver op"]
[Site "Marseille"]
[Date "2005.12.28"]
[Round "4"]
[White "Gadarinian, Caroline"]
[Black "Moncamp, Gilles"]
[Result "0-1"]
[WhiteElo "1876"]
[BlackElo "2187"]
[PlyCount "48"]
[EventDate "2005.12.27"]
[EventType "swiss"]
[EventRounds "9"]
[EventCountry "FRA"]
[SourceTitle "CBM 110 Extra"]
[Source "ChessBase"]
[SourceDate "2006.03.10"]
[SourceVersion "2"]
[SourceVersionDate "2006.03.10"]
[SourceQuality "1"]

1. Nf3 d5 2. d4 Nf6 3. Bg5 Ne4 4. Bf4 e6 5. c3 c5 6. e3 Qb6 7. Qb3 c4 8. Qc2 Bd6 9. Bxd6 Qxd6 10. Nbd2 f5 11. Ne5 Nd7 12. Ndf3 Ndf6 13. Be2 0-0 14. b3 b5 15. bxc4 bxc4 16. a4 Rb8 17. Nxc4 dxc4 18. Bxc4 Ba6 19. Bxa6 Qxa6 20. c4 Qa5+ 21. Nd2 Rfc8 22. c5 Nd5 23. Ra2 Nxd2 24. Qxd2 Rb1+ 0-1

[Event "Marseille Hiver op"]
[Site "Marseille"]
[Date "2005.12.27"]
[Round "2"]
[White "Gadarinian, Caroline"]
[Black "Bremond, Pascal"]
[Result "0-1"]
[WhiteElo "1876"]
[BlackElo "2132"]
[PlyCount "78"]
[EventDate "2005.12.27"]
[EventType "swiss"]
[EventRounds "9"]
[EventCountry "FRA"]
[SourceTitle "CBM 110 Extra"]
[Source "ChessBase"]
[SourceDate "2006.03.10"]
[SourceVersion "2"]
[SourceVersionDate "2006.03.10"]
[SourceQuality "1"]

1. Nf3 Nf6 2. d4 b6 3. Bg5 g6 4. c3 Bg7 5. Nbd2 Bb7 6. Qc2 d5 7. Bxf6 exf6 8. e3 Nd7 9. Bd3 c5 10. h4 c4 11. Be2 0-0 12. h5 Re8 13. g4 b5 14. hxg6 fxg6 15. Nh4 Nf8 16. Nf1 b4 17. Kd2 Qd6 18. Ng3 Bc8 19. Ng2 Rb8 20. Nf4 Be6 21. Bf3 Re7 22. Nge2 Reb7 23. Rhb1 Bf7 24. Ng3 Bh6 25. Nfe2 Ne6 26. a3 a5 27. Bg2 Nc7 28. cxb4 axb4 29. a4 Be6 30. Bf3 Qd7 31. Rh1 Bf8 32. Rh4 b3 33. Qc1 Na6 34. Qh1 Nb4 35. a5 Nd3 36. Qg2 Bb4+ 37. Kd1 Nxb2+ 38. Kc1 Nd3+ 39. Kb1 c3 0-1

[Event "Hamburg Junge op"]
[Site "Hamburg"]
[Date "2005.10.07"]
[Round "7"]
[White "Knops, Peter"]
[Black "Gadarinian, Caroline"]
[Result "1/2-1/2"]
[WhiteElo "2079"]
[BlackElo "1886"]
[PlyCount "64"]
[EventDate "2005.10.01"]
[EventType "swiss"]
[EventRounds "9"]
[EventCountry "GER"]
[SourceTitle "CBM 108 Extra"]
[Source "ChessBase"]
[SourceDate "2005.11.04"]
[SourceVersion "1"]
[SourceVersionDate "2005.11.04"]
[SourceQuality "1"]

1. Nf3 Nf6 2. g3 c6 3. Bg2 d6 4. 0-0 e5 5. d3 h6 6. Nbd2 Bf5 7. e4 Bg4 8. h3 Be6 9. Qe2 Qd7 10. Kh2 Na6 11. c3 Be7 12. a3 Nc7 13. d4 exd4 14. Nxd4 g5 15. Nxe6 Qxe6 16. Qc4 d5 17. exd5 Nfxd5 18. Nf3 Ne3 19. Qxe6 Nxf1+ 20. Kg1 Nxe6 21. Kxf1 Rd8 22. b4 Bf6 23. Bd2 Ke7 24. Rc1 Rd3 25. Ke2 Rhd8 26. Rc2 R3d7 27. Nh2 Bg7 28. Be4 Rf8 29. Bf5 Rd5 30. g4 Be5 31. Nf3 Nf4+ 32. Kf1 Bc7 1/2-1/2

[Event "Marseille (Women)"]
[Site "Marseille"]
[Date "2005.06.??"]
[Round "4"]
[White "Fernandez, Laura"]
[Black "Gadarinian, Caroline"]
[Result "1-0"]
[WhiteElo "1990"]
[BlackElo "1927"]
[PlyCount "73"]
[EventDate "2005.06.??"]
[EventType "tourn"]
[EventRounds "9"]
[EventCountry "FRA"]
[SourceTitle "EXT 2006"]
[Source "ChessBase"]
[SourceDate "2005.11.24"]
[SourceVersion "1"]
[SourceVersionDate "2005.11.24"]
[SourceQuality "1"]

1. e4 a6 2. Nc3 b5 3. a3 Bb7 4. d3 Nf6 5. f4 e6 6. Nf3 c5 7. Be2 Nc6 8. e5 Nd5 9. Ne4 Qb6 10. c4 Qa5+ 11. Bd2 Ne3 12. Qc1 Nxg2+ 13. Kf2 Qb6 14. Kxg2 Be7 15. Rb1 f5 16. Ng3 Nd4 17. Be3 Nxe2 18. Nxe2 Qc7 19. Nc3 bxc4 20. dxc4 g5 21. fxg5 Qxe5 22. Bf4 Qg7 23. Qe3 Rg8 24. h4 h6 25. Kf2 hxg5 26. hxg5 Bxf3 27. Kxf3 Rc8 28. Rbd1 Rc6 29. Rh5 Bf6 30. Rdh1 Bd4 31. Qe1 e5 32. Rh7 e4+ 33. Nxe4 fxe4+ 34. Qxe4+ Re6 35. Rxg7 Rxe4 36. Rxg8+ Kf7 37. Kxe4 1-0

[Event "Marseille (Women)"]
[Site "Marseille"]
[Date "2005.06.??"]
[Round "9"]
[White "Gadarinian, Caroline"]
[Black "Foisor, Cristina Adela B"]
[Result "0-1"]
[WhiteElo "1927"]
[BlackElo "2406"]
[PlyCount "74"]
[EventDate "2005.06.??"]
[EventType "tourn"]
[EventRounds "9"]
[EventCountry "FRA"]
[SourceTitle "EXT 2006"]
[Source "ChessBase"]
[SourceDate "2005.11.24"]
[SourceVersion "1"]
[SourceVersionDate "2005.11.24"]
[SourceQuality "1"]

1. Nf3 d5 2. d4 Nf6 3. Bg5 e6 4. e3 c5 5. c3 Nc6 6. Bd3 Qb6 7. Qc2 Bd7 8. Nbd2 Rc8 9. 0-0 cxd4 10. exd4 Nb4 11. Qb1 Nxd3 12. Qxd3 Bb5 13. Qc2 Bxf1 14. Nxf1 Ne4 15. Bf4 Bd6 16. Bxd6 Qxd6 17. Qa4+ Ke7 18. Qxa7 Qa6 19. Qxa6 bxa6 20. Ne5 Rc7 21. Ne3 Rb8 22. Nd3 a5 23. Rc1 Nd6 24. Rc2 Nc4 25. Nxc4 dxc4 26. Nc5 Rb6 27. f4 f6 28. Re2 Kf7 29. Kf2 e5 30. Na4 Rb5 31. fxe5 fxe5 32. dxe5 Ke6 33. Re4 Rxe5 34. Rf4 Rd7 35. Rxc4 Rd2+ 36. Kf3 Rf5+ 37. Rf4 Rf2+ 0-1

[Event "Marseille (Women)"]
[Site "Marseille"]
[Date "2005.06.??"]
[Round "3"]
[White "Gadarinian, Caroline"]
[Black "Zickelbein, Eva Maria"]
[Result "0-1"]
[WhiteElo "1927"]
[BlackElo "2124"]
[PlyCount "92"]
[EventDate "2005.06.??"]
[EventType "tourn"]
[EventRounds "9"]
[EventCountry "FRA"]
[SourceTitle "EXT 2006"]
[Source "ChessBase"]
[SourceDate "2005.11.24"]
[SourceVersion "1"]
[SourceVersionDate "2005.11.24"]
[SourceQuality "1"]

1. Nf3 d6 2. d4 Nd7 3. Bg5 h6 4. Bf4 Ngf6 5. h3 c5 6. c3 cxd4 7. cxd4 g6 8. Nc3 Bg7 9. e4 0-0 10. Bd3 e5 11. Be3 exd4 12. Nxd4 d5 13. 0-0 dxe4 14. Nxe4 Nd5 15. Qd2 Nxe3 16. Qxe3 Re8 17. Nb5 Ne5 18. Rad1 Qa5 19. Nbd6 Rd8 20. Bc4 Nxc4 21. Nxc4 Qc7 22. Qc5 Qxc5 23. Rxd8+ Qf8 24. Rxf8+ Kxf8 25. b3 Be6 26. Ncd6 b6 27. Rc1 f5 28. Nd2 Rd8 29. N2c4 Ke7 30. Nb5 a6 31. Nc7 Bxc4 32. bxc4 Rd2 33. Nd5+ Kd6 34. Nxb6 Bd4 35. Nc8+ Kc5 36. Ne7 Rxf2 37. Kh1 g5 38. a4 f4 39. Nf5 Be3 40. Re1 Bd2 41. Re6 Rf1+ 42. Kh2 a5 43. Rxh6 f3 44. Ng3 Bf4 45. Rf6 Bxg3+ 46. Kxg3 fxg2 0-1

[Event "FRA-chT U20a 0405"]
[Site "France"]
[Date "2005.05.15"]
[Round "8.1"]
[White "Barbet, Loic"]
[Black "Gadarinian, Caroline"]
[Result "1-0"]
[WhiteElo "2025"]
[BlackElo "1927"]
[PlyCount "83"]
[EventDate "2004.11.19"]
[EventType "team"]
[EventRounds "11"]
[EventCountry "FRA"]
[SourceTitle "EXT 2006"]
[Source "ChessBase"]
[SourceDate "2005.11.24"]
[SourceVersion "1"]
[SourceVersionDate "2005.11.24"]
[SourceQuality "1"]

1. e4 a6 2. d4 b5 3. c3 Bb7 4. Bd3 Nf6 5. Qe2 e6 6. f4 c5 7. Nf3 Be7 8. 0-0 0-0 9. Nbd2 Nc6 10. a3 Qb6 11. Kh1 Rac8 12. b4 cxd4 13. cxd4 Rfe8 14. Bb2 Bf8 15. Qe1 Ne7 16. Nh4 h6 17. e5 Nfd5 18. Ne4 Nc6 19. Qf2 Be7 20. f5 Bxh4 21. Qxh4 Ne3 22. fxe6 Rxe6 23. Rf3 Nd5 24. Raf1 Rf8 25. Nc5 Re7 26. Qe4 g6 27. Nxb7 Qxb7 28. Qxd5 Re6 29. Rf6 Rxf6 30. Rxf6 Kg7 31. h3 Qc7 32. Qd6 Qxd6 33. Rxd6 Nb8 34. d5 Kg8 35. e6 dxe6 36. dxe6 f5 37. e7 Re8 38. Rxg6+ Kf7 39. Bxf5 Rxe7 40. Rg7+ Kf8 41. Rxe7 Kxe7 42. Kg1 1-0

[Event "FRA-chT U20a 0405"]
[Site "France"]
[Date "2005.05.15"]
[Round "9.1"]
[White "Gadarinian, Caroline"]
[Black "Le Bail, Clara"]
[Result "1/2-1/2"]
[WhiteElo "1927"]
[BlackElo "1938"]
[PlyCount "127"]
[EventDate "2004.11.19"]
[EventType "team"]
[EventRounds "11"]
[EventCountry "FRA"]
[SourceTitle "EXT 2006"]
[Source "ChessBase"]
[SourceDate "2005.11.24"]
[SourceVersion "1"]
[SourceVersionDate "2005.11.24"]
[SourceQuality "1"]

1. Nf3 d5 2. d4 Nf6 3. Bg5 h6 4. Bh4 Bf5 5. e3 e6 6. Bd3 Bxd3 7. Qxd3 c6 8. Nbd2 Be7 9. 0-0 0-0 10. Bxf6 Bxf6 11. c3 Nd7 12. e4 Rc8 13. exd5 cxd5 14. Rfe1 Qc7 15. Rac1 a6 16. b3 b5 17. c4 bxc4 18. bxc4 dxc4 19. Rxc4 Qa5 20. Rec1 Rxc4 21. Qxc4 Nb6 22. Qc5 Qxc5 23. dxc5 Rc8 24. c6 Nd5 25. Rc4 Nc3 26. a4 Kf8 27. Nb3 Ke7 28. Nfd4 Nd5 29. Kf1 g6 30. Na5 Bg7 31. g3 f5 32. Ke2 e5 33. Nc2 Ke6 34. Nb4 Bf8 35. Nxa6 Nb6 36. Rc2 Nxa4 37. Nb3 Kd5 38. c7 Bd6 39. Rd2+ Ke6 40. Rc2 Kd7 41. Nb8+ Ke6 42. Na6 Nb6 43. f4 Nd5 44. fxe5 Kxe5 45. Na5 Ke6 46. Rc6 Ke7 47. Nc4 Bxc7 48. Rxg6 Bxg3 49. hxg3 Rxc4 50. Rxh6 Rc2+ 51. Kd3 Rg2 52. Kd4 Nf6 53. Rg6 Ng4 54. Nb8 Kf7 55. Rb6 Rxg3 56. Rb7+ Kg6 57. Nc6 Rg1 58. Ne5+ Kh5 59. Rh7+ Nh6 60. Nf7 Rg6 61. Ke5 f4 62. Nxh6 Rxh6 63. Rxh6+ Kxh6 64. Kxf4 1/2-1/2

[Event "FRA-ch U16 Girls"]
[Site "Calvi"]
[Date "2005.04.19"]
[Round "4"]
[White "Brih, Touatia"]
[Black "Gadarinian, Caroline"]
[Result "1-0"]
[WhiteElo "1904"]
[BlackElo "1927"]
[PlyCount "113"]
[EventDate "2005.04.??"]
[EventType "swiss"]
[EventRounds "9"]
[EventCountry "FRA"]
[SourceTitle "EXT 2006"]
[Source "ChessBase"]
[SourceDate "2005.11.24"]
[SourceVersion "1"]
[SourceVersionDate "2005.11.24"]
[SourceQuality "1"]

1. Nf3 Nf6 2. c4 c6 3. Nc3 d6 4. g3 Bg4 5. Bg2 e5 6. d3 Be7 7. 0-0 Nbd7 8. Bg5 0-0 9. b4 Qc7 10. h3 Be6 11. Bxf6 Bxf6 12. Ne4 d5 13. cxd5 Bxd5 14. Nfd2 Be7 15. a3 a5 16. bxa5 Rxa5 17. a4 f5 18. Nc3 Be6 19. Nb3 Ra7 20. Qc2 Nc5 21. Nxc5 Bxc5 22. e3 Bd6 23. Rac1 Qf7 24. Rb1 Qd7 25. f4 exf4 26. exf4 Bc5+ 27. Kh1 Bd4 28. Ne2 Bf6 29. Rb4 Rd8 30. Rd1 Bd5 31. Ng1 Re8 32. Qf2 Rea8 33. Rdb1 Bf7 34. d4 Bd5 35. Nf3 Be7 36. Ne5 Qd6 37. Rxb7 Rxa4 38. Rd7 Qe6 39. Bxd5 cxd5 40. Qb2 Bd6 41. Qb6 R4a6 42. Rd8+ Rxd8 43. Qxd8+ Bf8 44. Rb8 Ra1+ 45. Kg2 Ra2+ 46. Kf3 Ra3+ 47. Kf2 Ra2+ 48. Ke3 Ra3+ 49. Kd2 Ra2+ 50. Kc3 Ra3+ 51. Kb2 Ra2+ 52. Kxa2 Qa6+ 53. Kb3 Qa3+ 54. Kc2 Qa4+ 55. Kd2 Qa2+ 56. Ke3 Qa3+ 57. Nd3 1-0